1294 1845 1528 1686 1283 1073 1764 1120 1847 1299 1464 1057 1061 1468 1812 1019 1118 1993 1931 1353 1833 1273 1777 1289 1937 1291 1096 1320 1059 1559 1681 1978 1443 1447 1648 1588 1226 1077 1255 1627 1956 1593 1266 1210 1701 1197 1347 1181 1145 1163 1428 1274 1613 1659 1719 1060 1204 1727 1565 1797 1706 1647 1169 1842 1456 1107 1757 1539 1733 1238 1484 1126 1953 1158 1791 1784 1950 1548 1259 1433 1396 1600 1923 1523 1337 1106 1061 1508 1087 1531 1621 1374 1746 1689 1313 1720 1663 1862 1459 BCNSPRNW ULIB Ver.6.0+V

เปลี่ยนเป็นภาษาไทย

Change to English
 แสดงรายละเอียดบรรณานุกรม
  กลับหน้าหลัก

Brief Record : Get Marc (ISO 2709) : E-mail record : QR code < ปิดหน้าต่าง
LEADER : 00000nam 2200000uu 4500
001    13399115120
003     ULIB
008    120710s2551||||th 000 0 tha d
020    ^a9789741626298
060 04 ^aQV766^bช821ส 2551
100 0  ^aโชติอนันต์
245 10 ^aสมุนไพรไทยสำหรับงานสาธารณสุขมูลฐาน /^cโชติอนันต์ และคณะ
250    ^aพิมพ์ครั้งที่ 1
260    ^aกรุงเทพฯ :^bดวงกมลพับลิชชิ่ง,^c2551
300    ^a(13), 354 หน้า :^bภาพประกอบ ;^c21 ซม.
650  4 ^aสาธารณสุขมูลฐาน
650  4 ^aสมุนไพร
945    ^p0^l0^i15360
995    ^aกัณชพร
999 ^a ใช้งานได้ทุกระบบ
รายการนี้ยังไม่มีแท็ก
คุณยังไม่ได้ล็อกอิน คุณสามารถมีกิจกรรมร่วมกับเว็บไซต์ได้ แต่ต้องล็อกอินก่อน ::
  ล็อกอิน

รายการสื่อสารสนเทศ

ลำดับที่ ประเภท เลขเรียก/บาร์โค้ด สถานที่ สถานะ
1. วิทยาศาสตร์การแพทย์ และสุขภาพ
วิทยาศาสตร์การแพทย์ และสุขภาพ
QV766 ช821ส 2551  
  Barcode: 15360
ห้องสมุดวิทยาเขตสวรรค์ประชารักษ์
►ส่วนจัดเก็บหนังสือเก่า สปร
บนชั้น
  ขอยืม

รายการใกล้เคียง
    ผู้แต่ง [โชติอนันต์]

    หัวเรื่อง [สาธารณสุขมูลฐาน]
    หัวเรื่อง [สมุนไพร]

BibComment


ยังไม่เคยถูกคอมเมนท์

คอมเมนท์ทรัพยากรรายการนี้
  คอมเมนท์: สมุนไพรไทยสำหรับ..


 Copyright 2026. Bcnsprnw @Library